Island Quiz: Peter I. Stats

 Plays Quiz not verified by Sporcle

Support Sporcle.
Go Orange.
Score 0/6 Timer 03:00
0 Plays Today
Question Answer % Correct
Claimed byNorway
100%
Population0
80%
LocationAntarctica
70%
SeaBellingshausen Sea
30%
Highest Elevation (1,755 m)Lars Christensen Peak
20%
Native NamePeter I Øy
20%

You're not logged in!

Compare scores with friends on all Sporcle quizzes.
OR
Log In

From the Vault

Popular Fonts

by jonesjeffum

No love for Wingdings?
Remove Ads.
Support Sporcle.
Get the best of Sporcle when you Go Orange. This ad-free experience offers more features, more stats, and more fun while also helping to support Sporcle. Thank you for becoming a member.

Show Comments

Extras

Created Mar 12, 2011ReportNominate
Tags:island, Peter

Top Quizzes Today


Score Distribution

Your Account Isn't Verified!

In order to create a playlist on Sporcle, you need to verify the email address you used during registration. Go to your Sporcle Settings to finish the process.

Report this User

Report this user for behavior that violates our Community Guidelines.

Details: